| 000 | 00728cam a2200205 4500 | ||
|---|---|---|---|
| 001 | WB3544-10 | ||
| 008 | 000000n1999 000 0 eng u | ||
| 035 | _a(Sirsi) u101925 | ||
| 245 | _aNet advantage | ||
| 260 | _c1999 | ||
| 490 |
_aFinancial Times _v12 November 1999, 32(2) |
||
| 520 | _aTwo of the largest American retailers have announced the formation of new online shopping subsidiaries. The strategy is seen as indicating a shift in the way retailers operate. | ||
| 590 | _aWB | ||
| 650 | _aRETAILERS | ||
| 650 | _aINTERNET | ||
| 650 | _aONLINE SHOPPING | ||
| 650 | _aPROPERTY-COMMERCIAL PROPERTY-RETAIL PROPERTY-RETAIL PROPERTY MARKET | ||
| 690 | _aPROPERTY-COMMERCIAL PROPERTY-RETAIL PROPERTY | ||
| 942 | _n0 | ||
| 999 |
_c61023 _d61023 |
||